[Event "4NCL 2023-24"]
[Site "England ENG"]
[Date "2024.02.11"]
[Round "6.3"]
[Board "1"]
[White "Dardha, Daniel"]
[Black "Harvey, Marcus R"]
[Result "1/2-1/2"]
[WhiteTitle "GM"]
[BlackTitle "IM"]
[WhiteElo "2628"]
[BlackElo "2468"]
[WhiteTeam "Cheddleton"]
[BlackTeam "Wood Green"]
[WhiteFideId "240990"]
[BlackFideId "400092"]
[EventDate "2023.11.11"]

1. d4 Nf6 2. c4 e6 3. Nc3 d5 4. cxd5 exd5 5. Bg5 c6 6. e3 Be7 7. Bd3 Nbd7 8. h3
Nf8 9. Qc2 Ne6 10. Bh4 Nh5 11. Bxe7 Qxe7 12. O-O-O Bd7 13. Nf3 Nf6 14. g4 h6 15.
Ne5 O-O-O 16. f4 Kb8 17. Rhe1 Bc8 18. Kb1 Nd7 19. Nf3 Qd6 20. h4 Rhe8 21. Qf2 f6
22. h5 Nb6 23. Bg6 Re7 24. Nh4 Rc7 25. a3 Nf8 26. Bf5 Be6 27. e4 dxe4 28. Nxe4
Qd5 29. Bxe6 Nxe6 30. Nf5 Qd7 31. Nc5 Nxc5 32. dxc5 Nd5 33. Qg3 Ka8 34. Nd4 Qc8
35. Ka1 Ne7 36. f5 Rcd7 37. Qg1 Nd5 38. Ne6 Re8 39. Re4 Rde7 40. Qg3 a6 41. Rde1
Ka7 42. Qb3 Ka8 43. Qc4 Nc7 44. Nxc7+ Qxc7 45. Re6 Qd8 46. Ka2 Rxe6 47. fxe6 Re7
48. Re3 Qe8 49. Qb3 Qc8 50. Ka1 Qe8 51. Re1 Qc8 52. Ka2 Qg8 53. Qc4 Qd8 54. Re3
Qe8 55. Qe4 Qg8 56. Kb1 Ka7 57. Kc2 Qc8 58. Re2 Qe8 59. Kd1 Qc8 60. b4 Qe8 61.
Re3 Qd8+ 62. Kc2 Qe8 63. Kd2 Ka8 64. Ke2 Ka7 65. Kf3 Qc8 66. a4 Qe8 67. Qf5 Ka8
68. Kg3 Ka7 69. Kf3 Ka8 70. Qg6 Qg8 71. Qe4 Qe8 72. Kf2 Ka7 73. Qc4 Ka8 74. Ke1
Qd8 75. Qf4 Qd5 76. Qd6 Qg5 77. Kd2 Qxg4 78. b5 Qb4+ 79. Ke2 Qg4+ 80. Ke1 Qh4+
81. Kf1 Qh1+ 82. Ke2 Re8 83. e7 Qxh5+ 84. Kd2 Qd5+ 85. Kc3 axb5 86. axb5 Qh1 87.
Qd8+ Ka7 88. Qb6+ Kb8 89. Qd8+ Ka7 90. b6+ Ka6 91. Qxe8 Qc1+ 92. Kb4 Qb2+ 93.
Kc4 Qb5+ 94. Kd4 Qb4+ 95. Kd3 Qb3+ 96. Kd2 Qb2+ 97. Ke1 Qb4+ 98. Ke2 Qg4+ 99.
Rf3 Qc4+ 100. Kf2 Qh4+ 101. Ke3 Qe1+ 102. Kf4 Qh4+ 103. Ke3 Qe1+ 104. Kd3 Qd1+
105. Ke4 Qd5+ 106. Ke3 Qe5+ 107. Kf2 Qh2+ 108. Kf1 Qh1+ 109. Ke2 Qg2+ 110. Ke3
Qg1+ 111. Ke4 Qg4+ 112. Rf4 Qg2+ 113. Kd3 Qg3+ 114. Ke2 Qg2+ 115. Rf2 Qe4+ 116.
Kd2 Qd4+ 117. Ke1 Qc3+ 118. Rd2 Qe3+ 119. Kd1 Qg1+ 120. Kc2 Qxc5+ 121. Kb2 Qb4+
122. Kc1 Qc3+ 123. Kd1 Qf3+ 124. Kc2 Qe4+ 125. Rd3 Qe2+ 126. Kc3 Qe1+ 127. Kb3
Qb1+ 128. Kc4 Qb5+ 129. Kc3 Qc5+ 130. Kb2 Qb4+ 131. Kc2 Qc4+ 132. Kd2 Qf4+ 133.
Ke2 Qh2+ 134. Kf3 Qh3+ 135. Kf4 g5+ 136. Ke4 Qg4+ 137. Ke3 Qg3+ 138. Kd2 Qf2+
139. Kd1 Qf1+ 140. Kc2 Qe2+ 141. Rd2 Qc4+ 142. Kb2 Qb4+ 143. Kc1 Qc4+ 144. Rc2
Qf1+ 1/2-1/2

[Event "4NCL 2023-24"]
[Site "England ENG"]
[Date "2024.02.11"]
[Round "6.3"]
[Board "2"]
[White "Turner, Matthew J"]
[Black "Horvath, Dominik"]
[Result "1-0"]
[WhiteTitle "GM"]
[BlackTitle "IM"]
[WhiteElo "2454"]
[BlackElo "2534"]
[WhiteTeam "Wood Green"]
[BlackTeam "Cheddleton"]
[WhiteFideId "402893"]
[BlackFideId "1642561"]
[EventDate "2023.11.11"]

1. d4 Nf6 2. Nc3 d5 3. Bf4 g6 4. e3 Nh5 5. Bg5 f6 6. Bh4 c6 7. Bd3 Qb6 8. Na4
Qa5+ 9. c3 Nd7 10. b4 Qc7 11. Ne2 e5 12. e4 f5 13. exf5 e4 14. Bc2 gxf5 15. Ng3
Nf4 16. O-O Rg8 17. f3 Nb6 18. Nxb6 axb6 19. Kh1 Rg6 20. fxe4 fxe4 21. Nxe4 dxe4
22. Bxe4 Rg4 23. Qe1 Be6 24. Bf5 Rxh4 25. Qxh4 Bxf5 26. Rxf4 Bg6 27. Re1+ Be7
28. Qf6 Kd8 29. Qh8+ Be8 30. Rfe4 1-0

[Event "4NCL 2023-24"]
[Site "England ENG"]
[Date "2024.02.11"]
[Round "6.3"]
[Board "3"]
[White "Eggleston, David J"]
[Black "Speelman, Jon S"]
[Result "0-1"]
[WhiteTitle "IM"]
[BlackTitle "GM"]
[WhiteElo "2341"]
[BlackElo "2500"]
[WhiteTeam "Cheddleton"]
[BlackTeam "Wood Green"]
[WhiteFideId "412120"]
[BlackFideId "400033"]
[EventDate "2023.11.11"]

1. e4 c6 2. d4 d5 3. e5 Bf5 4. h4 h5 5. Bd3 Bxd3 6. Qxd3 e6 7. Bg5 Qb6 8. Nd2 c5
9. c4 Qxb2 10. Rd1 Nc6 11. Ne2 Nb4 12. Qf3 Nc2+ 13. Kf1 Nxd4 14. Nxd4 Qxd4 15.
Qb3 Be7 16. cxd5 exd5 17. Qxb7 Rd8 18. Qxa7 Rh6 19. g3 Qd3+ 20. Kg2 Qa6 21. Qxa6
Rxa6 22. Nb3 f6 23. exf6 gxf6 24. Bf4 Rxa2 25. Rc1 c4 26. Nd4 Kf7 27. Ra1 Rda8
28. Rxa2 Rxa2 29. Rb1 Bc5 30. Rb7+ Ne7 31. Be3 Ra7 32. Rb1 Bxd4 33. Bxd4 Rc7 34.
Rb5 c3 35. Be3 Kg6 36. Rb1 Nf5 37. Bf4 Rc4 38. Kf1 c2 39. Re1 Rxf4 40. gxf4 Nd4
41. Rc1 Kf5 42. f3 Kxf4 43. Kf2 f5 44. Ke1 Ke3 45. f4 Kd3 46. Kf2 Kd2 0-1

[Event "4NCL 2023-24"]
[Site "England ENG"]
[Date "2024.02.11"]
[Round "6.3"]
[Board "4"]
[White "Gasanov, Eldar"]
[Black "Boswell, Jacob Connor"]
[Result "0-1"]
[WhiteTitle "GM"]
[WhiteElo "2474"]
[BlackElo "2254"]
[WhiteTeam "Wood Green"]
[BlackTeam "Cheddleton"]
[WhiteFideId "14104466"]
[BlackFideId "427110"]
[EventDate "2023.11.11"]

1. c4 Nf6 2. d4 g6 3. Nc3 Bg7 4. e4 d6 5. h3 O-O 6. Bg5 c5 7. d5 e6 8. Nf3 exd5
9. cxd5 Re8 10. Bd3 c4 11. Bc2 b5 12. a3 Nbd7 13. O-O Nc5 14. Re1 Qb6 15. Be3
Nfd7 16. Nd4 Ne5 17. Ndxb5 a6 18. Nd4 Qxb2 19. Na4 Nxa4 20. Bxa4 Bd7 21. Bc2
Rab8 22. Qd2 c3 23. Qe2 Bb5 24. Nxb5 Qxb5 25. Qd1 Nc4 26. Ba7 Nb2 27. Qf3 Rb7
28. Be3 Nc4 29. Bf4 Reb8 30. Bd3 Be5 31. Rac1 Rc8 32. Bxc4 Qxc4 33. Bxe5 dxe5
34. Qf6 Qd4 35. Rcd1 c2 36. Rxd4 Rb1 37. d6 Rxe1+ 38. Kh2 c1=Q 39. d7 exd4 40.
d8=R+ Rxd8 41. Qxd8+ Kg7 42. Qxd4+ Kh6 43. g3 Rh1+ 44. Kg2 Qf1+ 0-1

[Event "4NCL 2023-24"]
[Site "England ENG"]
[Date "2024.02.11"]
[Round "6.3"]
[Board "5"]
[White "Kirk, Ezra"]
[Black "Wadsworth, Matthew J"]
[Result "0-1"]
[WhiteTitle "IM"]
[BlackTitle "IM"]
[WhiteElo "2407"]
[BlackElo "2450"]
[WhiteTeam "Cheddleton"]
[BlackTeam "Wood Green"]
[WhiteFideId "600067"]
[BlackFideId "415804"]
[EventDate "2023.11.11"]

1. Nf3 Nf6 2. c4 e6 3. g3 b6 4. Bg2 Bb7 5. O-O Be7 6. b3 O-O 7. Bb2 c5 8. Nc3 d5
9. cxd5 Nxd5 10. Qb1 Nd7 11. Rd1 Rc8 12. Nxd5 Bxd5 13. e4 Ba8 14. d4 cxd4 15.
Nxd4 Bc5 16. a3 Qe7 17. b4 Bd6 18. f4 Bb8 19. e5 Bxg2 20. Kxg2 b5 21. Qe4 Nb6
22. Nxb5 Nd5 23. Kh3 Qe8 24. Nd4 f6 25. Kg2 fxe5 26. fxe5 Qh5 27. Rd2 Qg5 28.
Nb3 Ne3+ 29. Kg1 Nc4 30. Re2 Nxb2 31. Rxb2 Bxe5 32. Nd4 Bxd4+ 33. Qxd4 Rc1+ 0-1

[Event "4NCL 2023-24"]
[Site "England ENG"]
[Date "2024.02.11"]
[Round "6.3"]
[Board "6"]
[White "Murphy, Conor E"]
[Black "Van Dael, Siem"]
[Result "1-0"]
[WhiteTitle "IM"]
[BlackTitle "FM"]
[WhiteElo "2484"]
[BlackElo "2320"]
[WhiteTeam "Wood Green"]
[BlackTeam "Cheddleton"]
[WhiteFideId "421669"]
[BlackFideId "1049771"]
[EventDate "2023.11.11"]

1. e4 e5 2. Nf3 Nc6 3. Bc4 Nf6 4. d3 Bc5 5. O-O d6 6. c3 a5 7. Re1 O-O 8. h3 h6
9. d4 Bb6 10. Bb3 Re8 11. Bc2 exd4 12. cxd4 Nb4 13. Nc3 Nxc2 14. Qxc2 d5 15. e5
Ne4 16. Be3 Nxc3 17. bxc3 a4 18. Nh2 Ra6 19. f4 Qh4 20. f5 Bd7 21. Ng4 h5 22.
Bf2 Qg5 23. Ne3 Ba5 24. Rac1 b5 25. h4 Qf4 26. Qe2 Rh6 27. Nxd5 Qxf5 28. Be3 Rg6
29. Bg5 Bc6 30. Rf1 Qd7 31. Nf4 b4 32. cxb4 Bb6 33. Nxg6 fxg6 34. Be3 Qd5 35.
Qf2 Kh7 36. Rc2 Qe4 37. Re1 Bd5 38. Rd2 Bb7 39. Qf4 Qd5 40. Qf3 Rxe5 41. dxe5
Qxd2 42. Qf2 Bxe3 43. Rxe3 Qxb4 44. e6 Qe7 45. Qf4 Bc6 46. Qe5 Qxh4 47. e7 Qg4
48. Re2 Be8 49. Rd2 Qc4 50. Rd8 Qf7 51. Kh2 c5 52. Qxc5 Qf6 53. Qe3 Qc6 54. Qe5
g5 55. Rxe8 Qxe8 56. Qf5+ 1-0

[Event "4NCL 2023-24"]
[Site "England ENG"]
[Date "2024.02.11"]
[Round "6.3"]
[Board "7"]
[White "Arkell, Keith C"]
[Black "Greet, Andrew N"]
[Result "1/2-1/2"]
[WhiteTitle "GM"]
[BlackTitle "IM"]
[WhiteElo "2371"]
[BlackElo "2408"]
[WhiteTeam "Cheddleton"]
[BlackTeam "Wood Green"]
[WhiteFideId "400270"]
[BlackFideId "405817"]
[EventDate "2023.11.11"]

1. d4 e6 2. Nf3 f5 3. g3 Nf6 4. Bg2 d5 5. c4 Bd6 6. O-O O-O 7. b3 b6 8. Bb2 Bb7
9. cxd5 exd5 10. e3 Qe7 11. Nc3 a6 12. Ne2 Nbd7 13. Nf4 Ne4 14. Nd3 c5 15. Nfe5
Nxe5 16. Nxe5 b5 17. f3 Nf6 18. Qc2 g6 19. f4 c4 20. Qe2 Rac8 21. Rac1 Rc7 22.
Rc2 Bc8 23. Rd1 Be6 24. bxc4 bxc4 25. Bc3 Rb7 26. Rb2 Rxb2 27. Qxb2 Qa7 28. Qc2
Ne4 29. Bxe4 fxe4 30. Re1 Bxe5 31. dxe5 Rb8 32. Qd2 Rb5 33. g4 Qd7 34. h3 h5 35.
f5 gxf5 36. gxf5 Bxf5 37. e6 Qxe6 38. Qd4 Qg6+ 39. Kh2 Bxh3 40. Kxh3 1/2-1/2

[Event "4NCL 2023-24"]
[Site "England ENG"]
[Date "2024.02.11"]
[Round "6.3"]
[Board "8"]
[White "Hunt, Harriet V"]
[Black "Jarocka, Liwia"]
[Result "1/2-1/2"]
[WhiteTitle "IM"]
[BlackTitle "FM"]
[WhiteElo "2307"]
[BlackElo "2200"]
[WhiteTeam "Wood Green"]
[BlackTeam "Cheddleton"]
[WhiteFideId "403512"]
[BlackFideId "21807558"]
[EventDate "2023.11.11"]

1. e4 c5 2. Nf3 Nc6 3. Bb5 e6 4. O-O Nge7 5. b3 a6 6. Bxc6 Nxc6 7. Bb2 b5 8. c4
bxc4 9. bxc4 Rb8 10. Bc3 f6 11. Nh4 Qe7 12. f4 Qf7 13. d3 Be7 14. f5 O-O 15. Nd2
Bd6 16. Nb3 Bc7 17. Rb1 Qe7 18. Rf3 d5 19. Rh3 exf5 20. Nxf5 Bxf5 21. exf5 dxc4
22. Qh5 cxb3 23. Qxh7+ Kf7 24. Qg6+ Kg8 25. Qh7+ 1/2-1/2

[Event "4NCL 2023-24"]
[Site "England ENG"]
[Date "2024.02.11"]
[Round "6.4"]
[Board "1"]
[White "Olson, Hamish"]
[Black "Ansell, Simon T"]
[Result "1-0"]
[WhiteTitle "FM"]
[BlackTitle "IM"]
[WhiteElo "2359"]
[BlackElo "2331"]
[WhiteTeam "Alba"]
[BlackTeam "Blackthorne"]
[WhiteFideId "2404257"]
[BlackFideId "402141"]
[EventDate "2023.11.11"]

1. d4 d5 2. c4 c6 3. e3 Bf5 4. Nf3 e6 5. Nc3 Nd7 6. Be2 h6 7. Bd3 Bxd3 8. Qxd3
Ngf6 9. O-O Bd6 10. e4 dxe4 11. Nxe4 Nxe4 12. Qxe4 O-O 13. Bd2 Qe7 14. Bc3 Rad8
15. Rad1 Rfe8 16. Rfe1 Qf8 17. Qc2 b5 18. b3 Bb4 19. cxb5 cxb5 20. Bxb4 Qxb4 21.
Qc7 Qe7 22. d5 Qc5 23. d6 Qb6 24. Nd4 Kf8 25. b4 Nf6 26. Qxb6 axb6 27. Nxb5 Rd7
28. Rc1 Red8 29. Rc6 Nd5 30. a3 g5 31. g3 Kg7 32. Kf1 Kg6 33. Rec1 Kf5 34. R1c4
g4 35. Ke2 h5 36. Rc8 Ke5 37. Rxd8 Rxd8 38. Kd3 f5 39. Kc2 Nf6 40. Rc6 Nd5 41.
Kb3 Rf8 42. Nc7 f4 43. gxf4+ Nxf4 44. Rxb6 Rd8 45. Nb5 Nd3 46. Rb7 Nxf2 47. Rh7
Kd5 48. a4 Ne4 49. Rxh5+ e5 50. Rh6 Nd2+ 51. Kc2 Nf3 52. Kc3 Kc6 53. Rh7 Rd7 54.
Rh8 e4 55. Rc8+ Kd5 56. a5 Ne5 57. Rc5+ Ke6 58. a6 1-0

[Event "4NCL 2023-24"]
[Site "England ENG"]
[Date "2024.02.11"]
[Round "6.4"]
[Board "2"]
[White "Bates, Richard A"]
[Black "Waldhausen Gordon, Frederick"]
[Result "1/2-1/2"]
[WhiteTitle "IM"]
[BlackTitle "FM"]
[WhiteElo "2318"]
[BlackElo "2376"]
[WhiteTeam "Blackthorne"]
[BlackTeam "Alba"]
[WhiteFideId "403555"]
[BlackFideId "2409143"]
[EventDate "2023.11.11"]

1. d4 d5 2. Nf3 Nf6 3. g3 c6 4. Bg2 Bf5 5. O-O h6 6. c4 e6 7. Nc3 Be7 8. b3 O-O
9. Bb2 Nbd7 10. Nd2 Qc7 11. Rc1 Qa5 12. a3 b5 13. b4 Qb6 14. cxb5 cxb5 15. Nb3
Ne4 16. Nxe4 Bxe4 17. Bxe4 dxe4 18. d5 Rfc8 19. Na5 Qd6 20. Nc6 Bg5 21. dxe6
Qxe6 22. Nd4 Qd5 23. Nb3 Qxd1 24. Rxc8+ Rxc8 25. Rxd1 Nb6 26. h4 Be7 27. Bd4 Nc4
28. Bxa7 1/2-1/2

[Event "4NCL 2023-24"]
[Site "England ENG"]
[Date "2024.02.11"]
[Round "6.4"]
[Board "3"]
[White "Gourlay, Iain"]
[Black "Gormally, Daniel W"]
[Result "1/2-1/2"]
[WhiteTitle "FM"]
[BlackTitle "GM"]
[WhiteElo "2307"]
[BlackElo "2415"]
[WhiteTeam "Alba"]
[BlackTeam "Blackthorne"]
[WhiteFideId "2401533"]
[BlackFideId "406465"]
[EventDate "2023.11.11"]

1. Nf3 Nf6 2. g3 g6 3. b3 Bg7 4. Bb2 O-O 5. Bg2 d5 6. c4 c6 7. O-O Bg4 8. d4
Bxf3 9. Bxf3 Nbd7 10. Nc3 e6 11. e4 dxe4 12. Nxe4 Nxe4 13. Bxe4 Qb6 14. Qc2 Nf6
15. Bf3 Rfd8 16. Rad1 Rd7 17. Rd2 Rad8 18. Rfd1 Ne8 19. d5 exd5 20. cxd5 Bxb2
21. Qxb2 cxd5 22. Rxd5 1/2-1/2

[Event "4NCL 2023-24"]
[Site "England ENG"]
[Date "2024.02.11"]
[Round "6.4"]
[Board "4"]
[White "Ledger, Andrew J"]
[Black "Berry, Neil"]
[Result "1/2-1/2"]
[WhiteTitle "IM"]
[BlackTitle "FM"]
[WhiteElo "2334"]
[BlackElo "2263"]
[WhiteTeam "Blackthorne"]
[BlackTeam "Alba"]
[WhiteFideId "400610"]
[BlackFideId "2400650"]
[EventDate "2023.11.11"]

1. c4 e6 2. Nf3 d5 3. g3 Nf6 4. Bg2 c5 5. cxd5 exd5 6. d4 Nc6 7. O-O Be7 8. dxc5
Bxc5 9. a3 Ne4 10. b4 Be7 11. Nfd2 f5 12. Bb2 Bf6 13. Bxf6 Qxf6 14. Nb3 Be6 15.
N1d2 O-O 16. Nf3 d4 17. Qd3 Rfd8 18. Rac1 Ne5 19. Nxe5 Qxe5 20. Nc5 Bd5 21. f4
Nxc5 22. Rxc5 Qe6 23. Bxd5 Rxd5 24. Rfc1 Re8 25. Rxd5 Qxd5 26. Rc5 Qa2 27. Kf2
g6 28. Qc4+ Qxc4 29. Rxc4 Rd8 30. Rc7 d3 31. exd3 Rxd3 32. a4 a5 33. bxa5 Rb3
34. Rc8+ Kg7 35. Rb8 Rb4 36. a6 Rxa4 37. Rxb7+ Kf6 38. a7 h6 39. h4 Ra3 40. Ke2
Ke6 41. Kd2 Kd5 42. Re7 Kd4 43. Ke2 Ra2+ 44. Kf3 Ra3+ 45. Kg2 Ra2+ 46. Kh3 h5
47. Rg7 Ke4 48. Rxg6 Kf3 49. Rf6 Rxa7 50. Rxf5 1/2-1/2

[Event "4NCL 2023-24"]
[Site "England ENG"]
[Date "2024.02.11"]
[Round "6.4"]
[Board "5"]
[White "McKay, Roderick M"]
[Black "Ledger, Dave J"]
[Result "0-1"]
[WhiteTitle "IM"]
[BlackTitle "FM"]
[WhiteElo "2179"]
[BlackElo "2207"]
[WhiteTeam "Alba"]
[BlackTeam "Blackthorne"]
[WhiteFideId "2400049"]
[BlackFideId "401986"]
[EventDate "2023.11.11"]

1. d3 e5 2. Nf3 Nc6 3. e4 Nf6 4. c3 d5 5. Qc2 a5 6. Be2 Bc5 7. Bg5 Be6 8. Nbd2
h6 9. Bh4 Be7 10. O-O Nd7 11. Bxe7 Qxe7 12. Rfe1 g5 13. Nf1 O-O-O 14. a3 g4 15.
exd5 Bxd5 16. N3d2 f5 17. b4 Qg5 18. b5 Ne7 19. d4 e4 20. Rab1 h5 21. c4 Bf7 22.
b6 c6 23. Qc3 h4 24. Qxa5 g3 25. Nxe4 Qf4 26. Qa8+ Nb8 27. Nc5 gxf2+ 28. Kh1 Rd7
29. Red1 h3 30. g3 Bxc4 31. Re1 0-1

[Event "4NCL 2023-24"]
[Site "England ENG"]
[Date "2024.02.11"]
[Round "6.4"]
[Board "6"]
[White "Duncan, Chris R"]
[Black "Vijayakumar, Rishi"]
[Result "1/2-1/2"]
[WhiteTitle "FM"]
[WhiteElo "2161"]
[BlackElo "2156"]
[WhiteTeam "Blackthorne"]
[BlackTeam "Alba"]
[WhiteFideId "403091"]
[BlackFideId "2408953"]
[EventDate "2023.11.11"]

1. Nf3 d5 2. d4 Nf6 3. c4 e6 4. Nc3 Bb4 5. Qa4+ Nc6 6. e3 O-O 7. Qc2 Re8 8. Bd2
a6 9. a3 Bd6 10. h3 Rb8 11. Rd1 Bd7 12. Bd3 dxc4 13. Bxc4 b5 14. Bd3 b4 15. Ne4
bxa3 16. bxa3 h6 17. O-O Bxa3 18. Ra1 Nb4 19. Bxb4 Bxb4 20. Nxf6+ gxf6 21. Bxa6
Kh8 1/2-1/2

[Event "4NCL 2023-24"]
[Site "England ENG"]
[Date "2024.02.11"]
[Round "6.4"]
[Board "7"]
[White "Swanson, Stephen"]
[Black "Varney, Zoe"]
[Result "0-1"]
[BlackTitle "WCM"]
[WhiteElo "2145"]
[BlackElo "2105"]
[WhiteTeam "Alba"]
[BlackTeam "Blackthorne"]
[WhiteFideId "2400251"]
[BlackFideId "436135"]
[EventDate "2023.11.11"]

1. g3 d5 2. Bg2 Nf6 3. d3 c6 4. Nd2 e5 5. e4 Bc5 6. Ngf3 Nbd7 7. O-O O-O 8. b3
Re8 9. Bb2 a5 10. a3 b5 11. Qe2 Qb6 12. c3 dxe4 13. dxe4 Ba6 14. b4 Bf8 15. Rfc1
c5 16. bxa5 Qxa5 17. c4 Rab8 18. h3 Qa4 19. Qe3 bxc4 20. Bc3 Bd6 21. Bf1 Qc6 22.
Re1 Nb6 23. Nh4 Na4 24. Rac1 Rb7 25. Nf5 Bf8 26. Nxc4 Bxc4 27. Bxc4 Nb6 28. Ba1
Nxc4 29. Rxc4 Qe6 30. Rec1 Reb8 31. Kh2 Rb3 32. R1c3 Rb1 33. Rc1 Rxa1 0-1

[Event "4NCL 2023-24"]
[Site "England ENG"]
[Date "2024.02.11"]
[Round "6.4"]
[Board "8"]
[White "Ledger, Stephen C"]
[Black "Cooke, Suzie G."]
[Result "0-1"]
[BlackTitle "WFM"]
[WhiteElo "2002"]
[BlackElo "1962"]
[WhiteTeam "Blackthorne"]
[BlackTeam "Alba"]
[WhiteFideId "404470"]
[BlackFideId "414930"]
[EventDate "2023.11.11"]

1. d4 e6 2. Nf3 d5 3. Bf4 Bd6 4. e3 Bxf4 5. exf4 Nf6 6. Nbd2 O-O 7. Bd3 c5 8. c3
cxd4 9. Nxd4 Qc7 10. g3 e5 11. fxe5 Qxe5+ 12. Qe2 Qc7 13. O-O Re8 14. Qf3 Bg4
15. Qg2 Nc6 16. h3 Bh5 17. N2f3 Ne4 18. Rfe1 Qb6 19. Nxc6 bxc6 20. Nd4 Qxb2 21.
Nxc6 Nxc3 22. Nd4 Bg6 23. Nf5 Ne4 24. Nh4 Rac8 25. Nxg6 hxg6 26. a4 Nc3 27. Qf1
Qd2 28. Bb5 Nxb5 29. Rxe8+ Rxe8 30. Qxb5 Re1+ 31. Rxe1 Qxe1+ 32. Kg2 Qe4+ 33.
Kf1 d4 34. Qb8+ Kh7 35. Qf4 Qd5 36. Ke2 Qc4+ 37. Kd2 Qc3+ 38. Kd1 f6 39. Qd2
Qa1+ 40. Ke2 Qxa4 41. h4 Qc4+ 0-1

[Event "4NCL 2023-24"]
[Site "England ENG"]
[Date "2024.02.11"]
[Round "6.5"]
[Board "1"]
[White "Cherniaev, Alexander"]
[Black "Kilpatrick, Callum"]
[Result "1-0"]
[WhiteTitle "GM"]
[BlackTitle "IM"]
[WhiteElo "2375"]
[BlackElo "2385"]
[WhiteTeam "Barnet Knights A"]
[BlackTeam "Celtic Tigers 1"]
[WhiteFideId "4117301"]
[BlackFideId "414425"]
[EventDate "2023.11.11"]

1. e4 e5 2. Nf3 Nc6 3. Bb5 Nge7 4. Nc3 Ng6 5. h4 h5 6. g3 Nd4 7. Bc4 c6 8. Nxd4
exd4 9. Nb1 d5 10. exd5 Bg4 11. f3 Bd6 12. Qe2+ Kd7 13. dxc6+ bxc6 14. Kd1 Re8
15. Qg2 Bf5 16. d3 Ne5 17. Nd2 Qf6 18. Bb3 Qg6 19. Rf1 a5 20. Ba4 Nxd3 21. cxd3
Bxd3 22. Ne4 f5 23. Nxd6 Qxd6 24. Bf4 Qb4 25. b3 Bxf1 26. Qxf1 Re6 27. Rc1 Rae8
28. Bd2 Qb6 29. Qd3 g6 30. Rc4 Ke7 31. Qxd4 Qxd4 32. Rxd4 Rd6 33. Rxd6 Kxd6 34.
b4 axb4 35. Bxb4+ Kd5 36. Bb3+ Kd4 37. Kd2 1-0

[Event "4NCL 2023-24"]
[Site "England ENG"]
[Date "2024.02.11"]
[Round "6.5"]
[Board "2"]
[White "Pein, Malcolm"]
[Black "Rocco, Federico"]
[Result "1/2-1/2"]
[WhiteTitle "IM"]
[WhiteElo "2274"]
[BlackElo "2161"]
[WhiteTeam "Celtic Tigers 1"]
[BlackTeam "Barnet Knights A"]
[WhiteFideId "400289"]
[BlackFideId "431362"]
[EventDate "2023.11.11"]

1. Nf3 Nf6 2. c4 e6 3. g3 b6 4. Bg2 Bb7 5. O-O Be7 6. Nc3 O-O 7. Re1 c5 8. e4 d6
9. d4 cxd4 10. Nxd4 Qc8 11. Be3 Nc6 12. Rc1 Ne5 13. b3 Neg4 14. Bf4 Re8 15. Nf3
Qc5 16. Qe2 Nd7 17. h3 Nge5 18. Nd2 Qa5 19. Nf1 Nc5 20. Red1 Bc6 21. Rc2 Qa6 22.
b4 Na4 23. Nb5 Bxb5 24. cxb5 Qb7 25. Rdc1 a5 26. a3 axb4 27. axb4 Rec8 28. Qd1
Rxc2 29. Qxc2 Qd7 30. Qc7 Qxc7 31. Rxc7 Kf8 32. Bd2 Nb2 33. Bc3 Bd8 34. Rb7 Nbc4
35. f4 Nd3 36. Nd2 Nxd2 37. Bxd2 Nb2 38. Bf1 Ra3 39. g4 Ke8 40. g5 Nd1 41. h4
Rb3 42. h5 Rb2 43. Be1 Ne3 44. Bh3 Nc2 45. Bf2 Rxb4 46. Bxe6 fxe6 47. Rxg7 Rxe4
48. Bg3 Nd4 49. h6 Rxf4 50. g6 Rf8 51. Bxd6 Rh8 52. gxh7 Bf6 53. Be7 Be5 54. Bd6
Bf6 1/2-1/2

[Event "4NCL 2023-24"]
[Site "England ENG"]
[Date "2024.02.11"]
[Round "6.5"]
[Board "3"]
[White "Badacsonyi, Frankie"]
[Black "Pein, Jonathan"]
[Result "1/2-1/2"]
[BlackTitle "FM"]
[WhiteElo "2160"]
[BlackElo "2235"]
[WhiteTeam "Barnet Knights A"]
[BlackTeam "Celtic Tigers 1"]
[WhiteFideId "460400"]
[BlackFideId "417092"]
[EventDate "2023.11.11"]

1. d4 Nf6 2. c4 e6 3. Nf3 d5 4. g3 dxc4 5. Bg2 Bd7 6. Ne5 Bc6 7. Nxc6 Nxc6 8.
O-O Qd7 9. e3 O-O-O 10. Qa4 h5 11. Nd2 Nd5 12. Nxc4 f5 13. Bd2 Kb8 14. Rfc1 h4
15. Rab1 hxg3 16. hxg3 Ne5 17. Qxd7 Nxd7 18. a3 Be7 19. Re1 Bf6 20. b4 N7b6 21.
Rbc1 Rhe8 22. Nxb6 Nxb6 23. Bc3 Nd5 24. Bb2 c6 25. Rc2 Nc7 26. Bf1 a6 27. Rec1
Nd5 28. Rd1 g5 29. Re2 Nc7 30. Red2 Rd7 31. Bc4 Nd5 32. Re2 Rh8 33. Ree1 Rdh7
34. Kf1 f4 35. exf4 gxf4 36. Bxd5 exd5 37. gxf4 Rh2 38. Bc1 Kc8 39. Be3 Kd7 40.
Ke2 Ke6 41. Rg1 Kf5 42. Kf3 Ra8 43. Rb1 Re8 44. Rbd1 Ra8 45. Rb1 Rh4 46. Rg3 Re8
47. Rd1 Rh2 48. Rgg1 Rh4 49. Rg3 Rh7 50. Rgg1 Ra8 51. Rb1 Re8 52. Rg3 Rh2 53.
Rgg1 Rh4 54. Rbd1 Rhh8 55. Rd2 Re7 56. Rdd1 Ree8 1/2-1/2

[Event "4NCL 2023-24"]
[Site "England ENG"]
[Date "2024.02.11"]
[Round "6.5"]
[Board "4"]
[White "Horton, Jamie A"]
[Black "Villiers, Thomas"]
[Result "1/2-1/2"]
[BlackTitle "CM"]
[WhiteElo "2190"]
[BlackElo "2225"]
[WhiteTeam "Celtic Tigers 1"]
[BlackTeam "Barnet Knights A"]
[WhiteFideId "421472"]
[BlackFideId "427209"]
[EventDate "2023.11.11"]

1. d4 d5 2. c4 c6 3. Nf3 Nf6 4. Qb3 dxc4 5. Qxc4 Bf5 6. g3 e6 7. Bg2 Be7 8. O-O
O-O 9. Rd1 Nbd7 10. e3 b5 11. Qe2 Qb6 12. Nbd2 Rac8 13. a4 a6 14. axb5 cxb5 15.
h3 Bc2 16. Rf1 Nd5 17. Ne1 Bg6 18. Nb3 Rc4 19. e4 Nb4 20. Be3 Rfc8 21. Qd1 Qd8
22. Na5 R4c7 23. Bf4 Ra7 24. Be3 Nb6 25. b3 Rd7 26. Qd2 Qc7 27. Kh2 h5 28. f4 f5
29. exf5 Bxf5 30. Qe2 N6d5 31. Bd2 Qb6 32. Qxh5 Qxd4 33. Rc1 Rxc1 34. Qe8+ Bf8
35. Bxc1 Nf6 36. Qc8 Qa1 37. Nc6 Nxc6 38. Qxc6 Rd1 39. Nf3 Rxf1 40. Bxf1 Qa2+
41. Bg2 Qxb3 42. Nd4 Qa2 43. Nxf5 exf5 44. Be3 Ne4 45. Bd4 Qc4 46. Qd7 Qb3 47.
Qxf5 Qxg3+ 48. Kh1 Qe1+ 49. Kh2 Qg3+ 50. Kh1 Qe1+ 51. Kh2 Qg3+ 1/2-1/2

[Event "4NCL 2023-24"]
[Site "England ENG"]
[Date "2024.02.11"]
[Round "6.5"]
[Board "5"]
[White "Badacsonyi, Stanley"]
[Black "Gallana, Marco"]
[Result "1/2-1/2"]
[WhiteElo "2196"]
[BlackElo "2258"]
[WhiteTeam "Barnet Knights A"]
[BlackTeam "Celtic Tigers 1"]
[WhiteFideId "486973"]
[BlackFideId "824542"]
[EventDate "2023.11.11"]

1. d4 Nf6 2. Nc3 d5 3. Bf4 g6 4. e3 Bg7 5. h4 h5 6. Nf3 O-O 7. Ne5 c5 8. Qd2
cxd4 9. exd4 Nc6 10. f3 Nd7 11. Nxd5 Ndxe5 12. dxe5 Bf5 13. O-O-O Rc8 14. Ne3
Qb6 15. Nd5 Qd8 16. Ne3 Qb6 17. Nd5 1/2-1/2